Development planning : (Record no. 33179)
[ view plain ]
| 000 -LEADER | |
|---|---|
| fixed length control field | 00798nam a2200253 a 4500 |
| 001 - CONTROL NUMBER | |
| control field | 33179 |
| 003 - CONTROL NUMBER IDENTIFIER | |
| rucl marc code | BD-RjUL |
| 005 - DATE AND TIME OF LATEST TRANSACTION | |
| control field | 20211209051948.0 |
| 008 - FIXED-LENGTH DATA ELEMENTS--GENERAL INFORMATION | |
| fixed length control field | 141106s1988 ii b 00110 eng d |
| 020 ## - INTERNATIONAL STANDARD BOOK NUMBER | |
| International Standard Book Number | 9780195623468 |
| International Standard Book Number | 0195623460 |
| 035 ## - SYSTEM CONTROL NUMBER | |
| System control number | (BD-RjUL)33270 |
| 040 ## - CATALOGING SOURCE | |
| Original cataloging agency | ANL |
| Transcribing agency | ANL |
| Modifying agency | NMQU |
| -- | BD-RjUL |
| Language of cataloging | eng |
| 041 ## - LANGUAGE CODE | |
| Language code of text/sound track or separate title | eng |
| 082 0# - DEWEY DECIMAL CLASSIFICATION NUMBER | |
| Classification number | 338.954 |
| Edition number | 19 |
| Author mark and year | CHD 2013 |
| 100 1# - MAIN ENTRY--PERSONAL NAME | |
| Personal name | Chakravarty, Sukhamoy. |
| 9 (RLIN) | 11859 |
| 245 10 - TITLE STATEMENT | |
| Title | Development planning : |
| Remainder of title | the Indian experience / |
| Statement of responsibility, etc. | Sukhamoy Chakravarty. |
| 260 0# - PUBLICATION, DISTRIBUTION, ETC. (IMPRINT) | |
| Place of publication, distribution, etc. | Delhi : |
| Name of publisher, distributor, etc. | Oxford University Press, |
| Date of publication, distribution, etc. | 1988 [impression 2013]. |
| 300 ## - PHYSICAL DESCRIPTION | |
| Pagination | viii, 137 p. ; |
| Size | 23 cm. |
| 504 ## - BIBLIOGRAPHY, ETC. NOTE | |
| Bibliography, etc | Includes bibliographical reference and index. |
| 651 #0 - SUBJECT ADDED ENTRY--GEOGRAPHIC NAME | |
| Geographic name | India |
| General subdivision | Economic policy |
| Chronological subdivision | 1947- |
| 9 (RLIN) | 9789 |
| Geographic name | India |
| General subdivision | Social policy. |
| 9 (RLIN) | 113813 |
| 942 ## - ADDED ENTRY ELEMENTS (KOHA) | |
| Source of classification or shelving scheme | Dewey Decimal Classification |
| Koha item type | Books |
| Lost status | Source of classification or shelving scheme | Damaged status | Not for loan | Collection code | Permanent Location | Current Location | Shelving location | Date acquired | Source of acquisition | Cost, normal purchase price | Total Checkouts | Full call number | Date last seen | Copy number | Koha item type |
|---|---|---|---|---|---|---|---|---|---|---|---|---|---|---|---|
| Dewey Decimal Classification | Not For Loan | Non-fiction | Central Library, University of Rajshahi | Central Library, University of Rajshahi | Reading Room | Chittagong, Battighar | 503.50 | 338.954 CHD 2013 | 06/11/2014 | C-1 | Books |